[Event "Challenge"]
[Site "http://www.queenalice.com/game.php?id=410633"]
[Date "2008.5.30"]
[Round "-"]
[White "Feee"]
[Black "Atlantic_Starr"]
[Result "1-0"]
[WhiteElo "1704"]
[BlackElo "1396"]

1. e4 e5 2. Nf3 d6 3. Bc4 c6 4. Nc3 h6 5. d4 Nd7 6. d5 Ngf6 7. b4 Be7 8. b5 cxb5
9. Bxb5 O-O 10. Nh4 a6 11. Be2 Nc5 12. f3 b5 13. Nf5 Nh5 14. f4 Nxf4 15. Bxf4
exf4 16. O-O Bf6 17. Qd2 Bg5 18. a4 f3 19. Qd4 fxe2 20. Qxg7# 1-0

[Event "Challenge"]
[Site "http://www.queenalice.com/game.php?id=411895"]
[Date "2008.6.2"]
[Round "-"]
[White "Drica"]
[Black "Atlantic_Starr"]
[Result "0-1"]
[WhiteElo "1596"]
[BlackElo "1443"]

1. e4 e5 2. Qf3 a6 3. Bc4 Nf6 4. Nc3 Be7 5. d3 O-O 6. Nd5 b5 7. Nxf6+ Bxf6 8.
Nh3 bxc4 9. dxc4 d6 10. b4 Nd7 11. b5 axb5 12. cxb5 h6 13. O-O Be7 14. Ba3 Nf6
15. Rab1 d5 16. Bxe7 Qxe7 17. exd5 Rxa2 18. b6 cxb6 19. Rxb6 Ra6 20. d6 Qd7 21.
Rfb1 Rxb6 22. Rxb6 e4 23. Qc3 Qa4 24. Rb8 Qd7 25. Qc7 Qa4 26. f3 Qd4+ 27. Nf2 e3
28. Rxc8 exf2+ 29. Kf1 Qe3 30. Rxf8+ Kxf8 31. Qe7+ Qxe7 32. dxe7+ Kxe7 33. Kxf2
Nd5 34. h4 g6 35. c4 Nf4 36. c5 Kd7 37. g3 Nd3+ 38. Ke3 Nxc5 39. g4 Ne6 40. f4
h5 41. gxh5 gxh5 42. f5 Nf8 43. Ke4 Ke7 44. Ke5 f6+ 45. Kf4 Nd7 46. Ke4 Ne5 47.
Kd5 Nf3 48. Ke4 Nxh4 49. Kf4 Ng2+ 50. Kg3 Ne3 51. Kh4 Nxf5+ 52. Kxh5 Ke6 53. Kg6
Ne7+ 54. Kg7 f5 55. Kf8 Nd5 56. Kg7 f4 57. Kg6 f3 0-1

[Event "Challenge"]
[Site "http://www.queenalice.com/game.php?id=414872"]
[Date "2008.6.8"]
[Round "-"]
[White "Bentley"]
[Black "Atlantic_Starr"]
[Result "0-1"]
[WhiteElo "1328"]
[BlackElo "1533"]

1. e4 e5 2. Nf3 Nc6 3. Nc3 Nf6 4. Nd5 Nxd5 5. exd5 e4 6. dxc6 exf3 7. Qxf3 bxc6
8. Bc4 d5 9. Bb3 Be7 10. O-O O-O 11. d3 a5 12. Qg3 a4 13. Bh6 Bf6 14. Bxa4 Rxa4
15. b3 Rg4 16. Qe3 Bxa1 17. Rxa1 d4 18. Qd2 Qd5 19. f3 Rg6 20. Bf4 Qd7 21. h3
Re6 22. Bg3 Rfe8 23. a4 Re2 24. Qa5 Rxc2 25. Re1 Rce2 26. h4 Qe6 27. Kf1 Re3 0-1

[Event "Challenge"]
[Site "http://www.queenalice.com/game.php?id=420544"]
[Date "2008.6.20"]
[Round "-"]
[White "Adinirso"]
[Black "Atlantic_Starr"]
[Result "0-1"]
[WhiteElo "1621"]
[BlackElo "1513"]

1. e4 d5 2. exd5 Qxd5 3. Nf3 e5 4. Nc3 Qe6 5. Be2 Nf6 6. d4 Nbd7 7. dxe5 Nxe5 8.
O-O Be7 9. Bb5+ c6 10. Be2 O-O 11. a3 a6 12. h3 h6 13. Bf4 Nxf3+ 14. Bxf3 Qc4
15. Qd2 Rd8 16. Qe3 Bd6 17. Qb6 Bf5 18. Be2 Qxf4 19. Qxb7 Qh2# 0-1

[Event "Challenge"]
[Site "http://www.queenalice.com/game.php?id=426425"]
[Date "2008.7.2"]
[Round "-"]
[White "luiz_gustavo"]
[Black "Atlantic_Starr"]
[Result "1-0"]
[WhiteElo "1699"]
[BlackElo "1530"]

1. e4 e5 2. Nf3 d6 3. Nc3 Nf6 4. Bc4 h6 5. h3 Be7 6. d3 O-O 7. O-O a6 8. d4 exd4
9. Nxd4 b5 10. Bd5 Ra7 11. Be3 c5 12. Nde2 b4 13. Nb1 a5 14. Nd2 Nbd7 15. a3
bxa3 16. Rxa3 Nxd5 17. exd5 Nf6 18. Nf4 Ba6 19. c4 Rb7 20. b3 Ra7 21. Re1 Bc8
22. Qe2 Bd7 23. f3 a4 24. Bf2 Re8 25. Nd3 Qc8 26. bxa4 Bxa4 27. Rea1 Bd8 28. Qf1
Qd7 29. Nb2 Rb7 30. Nxa4 Ra7 31. Nxc5 Qc8 32. Nce4 Rxa3 33. Rxa3 Qc7 34. Nxf6+
Bxf6 35. Ne4 Bd8 36. Ra7 Qb8 37. Qa1 Bb6 38. Bxb6 Qxb6+ 39. Kh2 Qb8 40. Qa6 Rd8
41. Rb7 Qa8 42. Qxa8 Rxa8 43. Nxd6 Kh7 44. Nxf7 Ra4 45. Ne5 Ra8 46. d6 1-0

[Event "Challenge"]
[Site "http://www.queenalice.com/game.php?id=426426"]
[Date "2008.7.2"]
[Round "-"]
[White "Atlantic_Starr"]
[Black "luiz_gustavo"]
[Result "0-1"]
[WhiteElo "1541"]
[BlackElo "1675"]

1. d4 d5 2. e3 Nf6 3. c4 Nc6 4. c5 b6 5. Nf3 Bg4 6. Nbd2 e5 7. h3 Bh5 8. Be2
bxc5 9. dxc5 Bxf3 10. Bxf3 Bxc5 11. e4 dxe4 12. Bxe4 Nxe4 13. Nxe4 Qxd1+ 14.
Kxd1 Rd8+ 15. Bd2 Bb4 16. a3 Bxd2 17. Nxd2 Nd4 18. Ke1 Nc2+ 19. Ke2 Nxa1 20.
Rxa1 O-O 21. Rc1 Rd7 22. Nc4 e4 23. Ne5 Re7 24. Rc5 Rb8 25. Nc4 g6 26. Na5 Rxb2+
27. Ke3 f5 28. Nc6 Re6 29. Nxa7 Ra6 30. Nb5 c6 31. Nc3 Rb3 32. f3 exf3 33. gxf3
Raxa3 34. Kd3 Rxc3+ 35. Rxc3 Rxc3+ 36. Kxc3 Kf7 37. Kc4 Ke6 38. f4 Kd6 39. h4 c5
40. Kc3 Kd5 41. Kb3 Kd4 42. Kc2 c4 43. Kc1 Kd3 0-1

[Event "Challenge"]
[Site "http://www.queenalice.com/game.php?id=433630"]
[Date "2008.7.15"]
[Round "-"]
[White "marcattack"]
[Black "Atlantic_Starr"]
[Result "1-0"]
[WhiteElo "1383"]
[BlackElo "1531"]

1. e4 e5 2. Nf3 d6 3. Bc4 h6 4. O-O Nf6 5. Nc3 Be7 6. d4 O-O 7. Be3 a6 8. dxe5
dxe5 9. Nxe5 b5 10. Bb3 Bd6 11. Ng6 Re8 12. e5 Bxe5 13. Qxd8 Rxd8 14. Nxe5 c6
15. Nxf7 Rf8 16. Bc5 Re8 17. Nd6+ Kh8 18. Nxe8 Nxe8 19. Rad1 Bd7 20. Rfe1 a5 21.
Bf7 Nf6 22. Re7 b4 23. Na4 Ra6 24. Bd6 Ng8 25. Bxg8 Kxg8 26. Bxb8 Ra8 27. Rdxd7
Rxb8 28. Rxg7+ Kh8 29. Nc5 Re8 30. h4 Re1+ 31. Kh2 Re2 32. Rgf7 Rxc2 33. Rd8#
1-0

[Event "Challenge"]
[Site "http://www.queenalice.com/game.php?id=438950"]
[Date "2008.7.25"]
[Round "-"]
[White "fromback"]
[Black "Atlantic_Starr"]
[Result "0-1"]
[WhiteElo "1441"]
[BlackElo "1546"]

1. e4 d5 2. Qf3 c6 3. c4 d4 4. d3 e5 5. g3 Nf6 6. h4 Bg4 7. Qg2 Bb4+ 8. Bd2 a5
9. f3 Bd7 10. g4 h6 11. Nh3 b5 12. a3 Be7 13. f4 exf4 14. Bxf4 Na6 15. g5 Ng4
16. Nd2 bxc4 17. Nxc4 Nc5 18. Be2 Qc8 19. Bd6 Ne3 20. Nxe3 Bxd6 21. Nf2 dxe3 22.
Nd1 Bf4 23. d4 Nb3 24. Rb1 Nxd4 25. Bc4 Be6 26. Bd3 c5 27. Bb5+ Nxb5 28. Qf3 Qb8
29. a4 Bg3+ 30. Kf1 Bxh4 31. Rxh4 Nd4 32. Qxe3 Nc2 33. Qc3 Nb4 34. Ne3 Qg3 35.
Qe1 Qxg5 36. Nc4 Nc2 37. Qf2 Bxc4+ 38. Qe2 Bxe2+ 39. Kxe2 Qe3+ 40. Kd1 Rd8+ 41.
Kxc2 Qd3+ 42. Kc1 Qd2# 0-1

[Event "Challenge"]
[Site "http://www.queenalice.com/game.php?id=490985"]
[Date "2008.11.10"]
[Round "-"]
[White "Atlantic_Starr"]
[Black "rossigts"]
[Result "0-1"]
[WhiteElo "1540"]
[BlackElo "1285"]

1. e4 d5 2. d3 dxe4 3. Nc3 Nf6 4. Qe2 Nc6 5. dxe4 Nd4 6. Qd3 c5 7. Be3 Qb6 8. e5
Qxb2 9. Rc1 g6 10. exf6 exf6 11. a4 Bg7 12. Qe4+ Ne6 13. Nb5 O-O 14. Nd6 Nd4 15.
Nc4 f5 16. Qd5 Qb4+ 17. Bd2 Qxa4 18. Qxc5 Nxc2+ 19. Rxc2 Qxc2 20. Be2 Qb1+ 21.
Bd1 b6 22. Qc6 Ba6 23. Ne2 Rac8 24. Na3 Qd3 25. Qf3 Qd6 26. O-O Qxd2 27. Ng3 Rc3
28. Nb1 Qc1 29. Nxc3 Bxc3 30. Re1 Bxe1 31. h3 Rd8 32. Be2 b5 33. Kh2 f4 34. Ne4
Bb7 35. Bxb5 Bxe4 36. Qxe4 Bxf2 37. Qe7 Qg1# 0-1

[Event "Challenge"]
[Site "http://www.queenalice.com/game.php?id=605328"]
[Date "2009.6.17"]
[Round "-"]
[White "Pozzato"]
[Black "Atlantic_Starr"]
[Result "1-0"]
[WhiteElo "1739"]
[BlackElo "1514"]

1. e4 e5 2. Nf3 d6 3. Nc3 c6 4. d4 exd4 5. Nxd4 d5 6. exd5 cxd5 7. Bf4 Nd7 8.
Qe2+ Be7 9. Nf5 h6 10. Nxg7+ Kf8 11. Nf5 Bg5 12. Nxd5 Nc5 13. O-O-O Bxf5 14. Qe5
Nf6 15. Qxf5 Nce4 16. Nxf6 Qxf6 17. Qxe4 Bxf4+ 18. Kb1 Re8 19. Qxb7 Rd8 20. Bc4
Rh7 21. Rd5 Re8 22. Rhd1 Bxh2 23. Qxa7 Bb8 24. Qc5+ Kg7 25. Rf5 Qe7 26. Rxf7+
Qxf7 27. Bxf7 Kxf7 28. Qf5+ Kg8 29. Qg6+ Rg7 30. Qxe8+ 1-0

[Event "Challenge"]
[Site "http://www.queenalice.com/game.php?id=610711"]
[Date "2009.6.29"]
[Round "-"]
[White "bish"]
[Black "Atlantic_Starr"]
[Result "1-0"]
[WhiteElo "1647"]
[BlackElo "1514"]

1. e4 e5 2. Nf3 Nc6 3. Bb5 Nf6 4. O-O a6 5. Bc4 h6 6. Nc3 b5 7. Bd5 b4 8. Bxc6
dxc6 9. Nxe5 bxc3 10. Nxf7 Kxf7 11. bxc3 Nxe4 12. Qf3+ Nf6 13. Qxc6 Bd7 14. Qf3
Be7 15. Re1 Re8 16. d3 Bg4 17. Qf4 g5 18. Qc4+ Kg6 19. f4 Bc5+ 20. d4 Rxe1+ 21.
Kf2 Be2 22. Qe6 Qe8 23. f5+ Kh5 24. Kxe1 Bg4 25. Kf1 Bxf5 26. Qxf5 Qg8 27. Qxc5
Re8 28. Qxc7 Qe6 29. Bd2 Qe2+ 30. Kg1 Qxd2 31. Qf7+ Kh4 32. Qxf6 Re1+ 33. Rxe1
Qxe1+ 34. Qf1 Qxc3 35. Qf2+ Kh5 36. h3 Qa1+ 37. Kh2 Kg6 38. d5 Qxa2 39. d6 Qa4
40. Qd2 Qd7 41. Qd3+ Kh5 42. Qxa6 g4 43. Qa5+ Kh4 44. g3# 1-0

[Event "Challenge"]
[Site "http://www.queenalice.com/game.php?id=611707"]
[Date "2009.7.1"]
[Round "-"]
[White "Atlantic_Starr"]
[Black "Pozzato"]
[Result "1-0"]
[WhiteElo "1512"]
[BlackElo "1711"]

1. e4 e5 2. Nf3 Nc6 3. d4 exd4 4. Nxd4 Nge7 5. Nf3 d6 6. h3 f5 7. Bd3 fxe4 8.
Bxe4 Bf5 9. Bd3 Qd7 10. Bxf5 Nxf5 11. O-O O-O-O 12. Bg5 Be7 13. Bxe7 Qxe7 14.
Re1 Qf6 15. Nc3 Rhf8 16. Ne4 Qxb2 17. Neg5 Rh8 18. Nf7 Nb4 19. Re2 Rhe8 20. Nxd8
Rxe2 21. Kh2 Rxc2 22. Rb1 Qxa2 23. Rxb4 Kxd8 24. Rf4 g6 25. Qe1 Re2 26. Qc3 Qb2
27. Qc4 Re8 28. Ng5 Qd2 29. Nf7+ Kc8 30. Re4 Re7 31. Ng5 d5 32. Nf3 Qd1 33. Qa4
dxe4 34. Qxd1 exf3 35. Qxf3 1-0

[Event "Challenge"]
[Site "http://www.queenalice.com/game.php?id=623694"]
[Date "2009.7.24"]
[Round "-"]
[White "lica"]
[Black "Atlantic_Starr"]
[Result "1-0"]
[WhiteElo "1285"]
[BlackElo "1536"]

1. e3 e5 2. Nf3 e4 3. Nc3 Nf6 4. d4 exd3 5. Qxd3 d5 6. Be2 c5 7. Qb5+ Bd7 8.
Qxb7 Nc6 9. Bb5 Nb4 10. Bxd7+ Nxd7 11. a3 Nxc2+ 12. Ke2 Nxa1 13. Qxd5 Be7 14. b4
O-O 15. bxc5 Bxc5 16. g3 Nc2 17. Ne5 Re8 18. Nxf7 Qb6 19. Qxd7 Bxe3 20. fxe3
Rxe3+ 21. Kf2 Rxc3+ 22. Kg2 Ne3+ 23. Bxe3 Qxe3 24. Nh6+ gxh6 25. Qd5+ Kh8 26.
Qxa8+ Kg7 27. Qb7+ Kg6 28. Qb1+ Rd3 29. Kh3 Qe6+ 30. Kg2 Qe2+ 31. Kh3 Kh5 32.
Qb5+ Kg6 33. Re1 Qf3 34. Re6+ Kg7 35. Qe5+ Kg8 36. Re8+ Kf7 37. Qe7+ Kg6 38.
Rg8+ Kh5 39. Qe5+ Qf5+ 40. Qxf5# 1-0

[Event "Challenge"]
[Site "http://www.queenalice.com/game.php?id=637569"]
[Date "2009.8.16"]
[Round "-"]
[White "mbacellar"]
[Black "Atlantic_Starr"]
[Result "0-1"]
[WhiteElo "1226"]
[BlackElo "1517"]

1. e4 e5 2. Qf3 Nf6 3. h4 d5 4. h5 dxe4 5. Qc3 Be7 6. h6 O-O 7. Rh4 Nc6 8. Bc4
Bb4 9. Qg3 g6 10. a3 Ba5 11. b4 Nd4 12. Ra2 Bb6 13. Rxe4 Re8 14. Qg5 Nxe4 15. f4
Nxg5 16. c3 exf4+ 17. Kf2 Ne2+ 18. Kf1 Ng3# 0-1

[Event "Challenge"]
[Site "http://www.queenalice.com/game.php?id=637570"]
[Date "2009.8.16"]
[Round "-"]
[White "Atlantic_Starr"]
[Black "mbacellar"]
[Result "1-0"]
[WhiteElo "1521"]
[BlackElo "1222"]

1. e4 a5 2. d4 e6 3. e5 d5 4. Nf3 g6 5. c3 f6 6. Be2 f5 7. O-O f4 8. Bxf4 h6 9.
Bd3 g5 10. Bg3 g4 11. Nh4 h5 12. Bg6+ Ke7 13. Qa4 Qd7 14. Qa3+ Qd6 15. exd6+
cxd6 16. Qxd6+ Kf6 17. Qxf8+ Kg5 18. Qf4# 1-0

[Event "Challenge"]
[Site "http://www.queenalice.com/game.php?id=642725"]
[Date "2009.8.26"]
[Round "-"]
[White "thomas01"]
[Black "Atlantic_Starr"]
[Result "0-1"]
[WhiteElo "1453"]
[BlackElo "1525"]

1. Nf3 d5 2. d4 Nf6 3. e3 e6 4. c4 c6 5. b3 Be7 6. Nc3 O-O 7. g3 Bd6 8. c5 Be7
9. Ng5 Nbd7 10. Qf3 b6 11. Qg2 bxc5 12. Bd3 g6 13. Qh3 h5 14. e4 dxe4 15. Ncxe4
cxd4 16. Bb2 c5 17. Nxe6 fxe6 18. Qxe6+ Kh7 19. Ng5+ Kg7 20. Bc4 Nb6 21. Qf7+
Rxf7 22. Nxf7 Qd7 23. Ne5 Qf5 24. f4 Qe4+ 25. Kd2 Qe3+ 26. Kc2 Ne4 27. b4 Qd2+
28. Kb1 Nc3+ 29. Bxc3 Bf5+ 30. Bd3 dxc3 31. Nf3 Qb2# 0-1

[Event "Challenge"]
[Site "http://www.queenalice.com/game.php?id=665865"]
[Date "2009.10.11"]
[Round "-"]
[White "Atlantic_Starr"]
[Black "Leof"]
[Result "1-0"]
[WhiteElo "1538"]
[BlackElo "1609"]

1. e4 e5 2. Nf3 f6 3. Bc4 d6 4. d4 Nc6 5. d5 Nce7 6. O-O g5 7. Nc3 Ng6 8. Bb5+
Bd7 9. Re1 a6 10. Bxd7+ Qxd7 11. a4 g4 12. Nd2 Nf4 13. g3 Nh3+ 14. Kg2 f5 15.
exf5 Qxf5 16. Nce4 Nf6 17. Ra3 Nxd5 18. f3 gxf3+ 19. Nxf3 Rg8 20. Qxd5 Rg7 21.
Qxb7 Rd8 22. Qc6+ Rdd7 23. Qxa6 Rgf7 24. Qc8+ Ke7 25. Qa6 Rg7 26. Qe2 Nf4+ 27.
Bxf4 exf4 28. Nc5+ Kf6 29. Nxd7+ Qxd7 30. Re3 fxe3 31. Qxe3 Re7 32. Qf4+ Kg7 33.
Qg5+ Kh8 34. Qf6+ Rg7 35. Qxf8+ Rg8 36. Qh6 Qf7 37. Ng5 Qd5+ 38. Nf3 c5 39. Re7
Qf5 40. h3 Rf8 41. Rxh7+ Qxh7 42. Qxf8+ Qg8 43. Qf6+ Qg7 44. Qxd6 c4 45. a5 Qxb2
46. Qf8+ Kh7 47. Ng5+ Kg6 48. Qg8+ Qg7 49. Qxg7+ Kxg7 50. a6 Kg6 51. Ne4 Kf5 52.
Nd6+ Ke5 53. Nxc4+ Kd4 54. Na3 Kc5 55. a7 Kb4 56. a8=Q Kc3 57. Qa4 1-0

[Event "Challenge"]
[Site "http://www.queenalice.com/game.php?id=719027"]
[Date "2010.1.23"]
[Round "-"]
[White "jadetiger7"]
[Black "Atlantic_Starr"]
[Result "1-0"]
[WhiteElo "1658"]
[BlackElo "1546"]

1. e4 e5 2. Nf3 d6 3. d4 Bd7 4. dxe5 dxe5 5. Nxe5 Nf6 6. Bc4 Be6 7. Qxd8+ Kxd8
8. Bxe6 fxe6 9. Nf7+ Ke8 10. Nxh8 Nxe4 11. O-O Nc6 12. Re1 Nf6 13. Nc3 e5 14.
Bg5 Be7 15. f4 Nd4 16. Rxe5 Nxc2 17. Rd1 h6 18. Bh4 c6 19. Ng6 Rd8 20. Rxe7# 1-0